Вопросы геологии урана: сборник статей

Dettagli Bibliografici
Altri autori: Константинов М. М. (редактор)
Riassunto:Приложение № 6 к журналу "Атомная энергия" за 1957 г.
Настоящий сборник посвящен проблемам генезиса месторождений урана, его минералогии и методам исследования. Среди генетических вопросов, освещаемых в ряде статей сборника, главное внимание уделяется анализу процессов образования месторождений урана при формировании осадочных пород. Большая роль диагенеза и последующих эпигенетических и метаморфических явлений, вызывающих перераспределение и концентрацию урана при благоприятной геологической обстановке, иллюстрируется фактическим материалом. Рассматриваются процессы, приводящие к образованию эпигенетических инфильтрационных месторождений урана в каменноугольных бассейнах. Критически разбираются различные гипотезы, высказанные в советской и зарубежной литературе относительно генезиса подобных месторождений. Приводятся их поисковые критерии. В статьях, посвященных минералогии урана, дается описание нескольких новых минералов. Приводятся дополнительные данные о ненадкевите, описанном ранее в журнале «Атомная энергия», а также результаты термических исследований ряда минералов урана, в итоге которых выяснены новые возможности диагностики некоторых трудно диагносцируемых минералов.
Lingua:russo
Pubblicazione: Москва, Атомиздат, 1957
Soggetti:
Natura: Libro
KOHA link:https://koha.lib.tpu.ru/cgi-bin/koha/opac-detail.pl?biblionumber=375276

MARC

LEADER 00000nam0a2200000 4500
001 375276
005 20231102012724.0
035 |a (RuTPU)RU\TPU\retro\32715 
035 |a RU\TPU\book\251071 
090 |a 375276 
100 |a 20221220d1957 k y0rusy50 ca 
101 0 |a rus 
102 |a RU 
105 |a a z 001zy 
200 1 |a Вопросы геологии урана  |e сборник статей  |f под ред. М. М. Константинова 
210 |a Москва  |c Атомиздат  |d 1957 
215 |a 160 с.  |c ил. 
300 |a Приложение № 6 к журналу "Атомная энергия" за 1957 г. 
317 |5 63413507: КР-182  |a Поступила в НТБ в составе книжного собрания профессора ТПИ К. В. Радугина 4.11.2004 г. 
320 |a Библиография в конце статей 
330 |a Настоящий сборник посвящен проблемам генезиса месторождений урана, его минералогии и методам исследования. Среди генетических вопросов, освещаемых в ряде статей сборника, главное внимание уделяется анализу процессов образования месторождений урана при формировании осадочных пород. Большая роль диагенеза и последующих эпигенетических и метаморфических явлений, вызывающих перераспределение и концентрацию урана при благоприятной геологической обстановке, иллюстрируется фактическим материалом. Рассматриваются процессы, приводящие к образованию эпигенетических инфильтрационных месторождений урана в каменноугольных бассейнах. Критически разбираются различные гипотезы, высказанные в советской и зарубежной литературе относительно генезиса подобных месторождений. Приводятся их поисковые критерии. В статьях, посвященных минералогии урана, дается описание нескольких новых минералов. Приводятся дополнительные данные о ненадкевите, описанном ранее в журнале «Атомная энергия», а также результаты термических исследований ряда минералов урана, в итоге которых выяснены новые возможности диагностики некоторых трудно диагносцируемых минералов. 
606 1 |a Урановые месторождения  |2 stltpush  |3 (RuTPU)RU\TPU\subj\63189  |9 80225 
610 1 |a урановые руды 
610 1 |a геология 
610 1 |a метаморфизм 
610 1 |a уранил 
610 1 |a аммоний 
610 1 |a урсилит 
610 1 |a уранит 
610 1 |a исследования 
610 1 |a библиотека К. В. Радугина 
610 1 |a владельческая надпись 
675 |a 553.495  |v 3 
702 1 |a Константинов  |b М. М.  |4 340 
801 1 |a RU  |b 63413507  |c 20130119 
801 2 |a RU  |b 63413507  |c 20221220  |g RCR 
942 |c BK